Groups of 9 - Part 3 (Random) - Statistics

General Stats
  • This quiz has been taken 45 times
  • The average score is 15 of 27
Answer Stats
Hint Answer % Correct
9 Parts of Speech Noun
84%
9 Parts of Speech Verb
84%
9 Parts of Speech Adjective
81%
9 Parts of Speech Adverb
81%
9 Types of Ores in Minecraft Gold
81%
9 Types of Ores in Minecraft Iron
79%
9 Universal Elements in Hindu Philosophy Water
79%
9 Types of Ores in Minecraft Diamond
72%
9 Types of Ores in Minecraft Copper
70%
9 Universal Elements in Hindu Philosophy Air
67%
9 Universal Elements in Hindu Philosophy Earth
65%
9 Types of Ores in Minecraft Coal
63%
9 Parts of Speech Pronoun
63%
9 Types of Ores in Minecraft Emerald
60%
9 Universal Elements in Hindu Philosophy Fire
60%
9 Parts of Speech Conjunction
58%
9 Types of Ores in Minecraft Lapis Lazuli
53%
9 Parts of Speech Preposition / Postposition / Circumposition
51%
9 Types of Ores in Minecraft Redstone
51%
9 Types of Ores in Minecraft (Nether) Quartz
42%
9 Universal Elements in Hindu Philosophy Ether
40%
9 Parts of Speech Interjection
30%
9 Parts of Speech Determiner
26%
9 Universal Elements in Hindu Philosophy Soul
16%
9 Universal Elements in Hindu Philosophy Mind
14%
9 Universal Elements in Hindu Philosophy Space
9%
9 Universal Elements in Hindu Philosophy Time
7%
No matching quizzes found
Score Distribution
Percent of People with Each Score
Percentile by Number Answered
Your Score History
You have not taken this quiz